000 00408nam a2200181Ia 4500
005 20250423100703.0
008 250422s9999 xx 000 0 und d
020 _a975-7388-46-7
050 _aBP 77.7 .G85/
100 _aGulen, M. Fethullah
245 0 _aProphet Muhammed as commander
260 _aIzmir
260 _bKaynak
260 _c1998
300 _a124 p
650 _aIslam
942 _cBK
999 _c34059
_d34059